| 000 | 01163nam a22003017a 4500 | ||
|---|---|---|---|
| 005 | 20240530110511.0 | ||
| 008 | 151125s2012 su a g b 000 0 ara d | ||
| 040 | _aEG-CaGPL | ||
| 082 | 0 | 4 |
_221 _a956.501\ _bس ت |
| 100 | 0 | _aسهام محمد هنداوى . | |
| 245 | 1 | 0 |
_aتاريخ دمشق فى عهد السلطان العثمانى عبدالحميد / _cتاليف سهام محمد هنداوى . |
| 250 | _aط1. | ||
| 260 |
_aدمشق : _bدار و مؤسسة رسلان ، _c2012 . |
||
| 300 |
_a240 ص ؛ _c24 سم . |
||
| 504 | _aييليوجرافية : ص 225 : 236 | ||
| 650 | 0 | 4 | _aفتح دمشق . |
| 650 | 0 | 4 |
_aالدستور _zدمشق . |
| 650 | 0 | 4 | _aمعاهدة سان استفانو . |
| 650 | 0 | 4 | _aالحرب الروسية العثمانية . |
| 650 | 0 | 4 |
_aالمسيحيون _zدمشق . |
| 651 | 0 | 4 | _aدمشق . |
| 651 | 0 | 4 |
_aدمشق _xالاحوال الدينية . |
| 651 | 0 | 4 |
_aدمشق _xتاريخ . |
| 651 | 0 | 4 |
_aدمشق _xالاحوال السياسية . |
| 651 | 0 | 4 |
_aدمشق _xتاريخ _yعهد السلطان عبدالحميد . |
| 942 |
_2ddc _cBK |
||
| 999 |
_c61679 _d61679 |
||